000 03633nam a2200457 a 4500
003 CHAP
005 20240924102730.0
007 cr ||||||a|c|a
008 101108s2010 mx r 00010 spa d
035 _a111355
040 _cCHAP
090 _aTesis
100 1 _aGonzález Carrillo, Perla Andrea.
_948767
245 1 0 _aCaracterización del comportamiento poscosecha de frutos partenocárpicos de mango (Mangifera indica L.) variedad ataulfo
_c/por Perla Andrea González Carrillo y Abel López Avendaño; director de tesis José Joel E. Corrales García.
264 1 _aChapingo, Méx. :
_bEl autor,
_c2010.
300 _a1 recurso en línea (95 páginas):
_bcuadros, figuras.
336 _2rdacontent
_atexto
_btxt
337 _2rdamedia
_acomputadora
_bc
338 _2rdacarrier
_arecursos en línea
_bcr
502 _bIA
_cAgroindustrias
_d2010.
_gLIC
520 _aLos frutos partenocárpicos de mango variedad „Ataulfo‟, han venido cobrando importancia, hasta el grado que se comercializan a un precio superior que el mango „Ataulfo‟. Para diseñar estrategias de manejo postcosecha es fundamental conocer el patrón de cambios como un referente ante la falta de información concerniente sobre estos frutos.La investigación se realizó con frutos partenocárpicos de mango „Ataulfo‟ (mango niño) procedentes de las regiones productoras de mango (Chiapas y Nayarit). Los frutos se dividieron en dos grupos,1) testigo (almacenados a temperatura ambiente, 20°C, 56% H.R.) y 2) los almacenados en refrigeración durante 1, 2 y 3 semanas (10°C±2, 94%H.R.), con el fin de caracterizar y comparar el comportamiento postcosecha de los frutos de las dos regiones de origen. Se determinó el patrón de respiración, pérdida de peso, Sólidos Solubles Totales (°Brix), acidez titulable, azúcares reductores y totales, pH, firmeza, color en piel, proporción pulpa/fruto, daños por frío y evaluación visual. Las evaluaciones se realizaron durante siete días para los frutos testigo, de igual forma para los frutos refrigerados después de pasar su periodo de almacenamiento. Los resultados muestran que los frutos del estado de Chiapas, presentaron mejores características, tanto para los frutos testigo, como aquellos que fueron refrigerados (10°C±2, 94%H.R.), mostrando mayor resistencia al frío. La principal limitante en la vida postcosecha de los frutos partenocárpicos de ambos lugares de origen, fue la deshidratación. Los frutos que fueron almacenados en refrigeración (10°C±2, 94%H.R.), al exponerlos al ambiente aceleraron el proceso de maduración y presentaron daños por frío a partir de la segunda semana en almacenamiento para los frutos de Nayarit y para Chiapas a la tercera semana de almacenamiento.
590 _aALEPH
_b10
_c20130110
590 _aBATCH-UPD
_b10
_c20130110
590 _aBATCH-UPD
_b10
_c20130410
590 _aBATCH-UPD
_b10
_c20130914
590 _aBATCH-UPD
_b10
_c20140324
590 _aBATCH-UPD
_b10
_c20141002
590 _aCONVERSION
_b10
_c20130109
650 0 4 _aMango
_xTecnología postcosecha.
_970457
650 0 4 _aMango
_xVariedades.
_970459
650 0 4 _aPartenocarpia.
_985793
700 1 _aLópez Avendaño, Abel.
_967682
700 _aCorrales García, José Joel E.
_9148291
_eDirector de tesis.
856 _uhttp://10.13.5.2/tesis/111355.pdf
_zDESCARGAR PDF
901 _aBK
942 _cTD
_2Clasificación Universidad Autónoma Chapingo
949 _bBC
_cTES
_d33724002223579
_eTS2
_fc.2
_gDonaciØn
_h51420
_i111355
_sb
949 _bBC
_cTES
_d33724002223652
_eTS1
_gDonaciØn
_h51419
_i111355
_sb
999 _c99697
_d99697